Let Us Have Mercy on Pakistan (Record no. 344216)

000 -LEADER
fixed length control field 00230 a2200097 4500
090 ## - LOCALLY ASSIGNED LC-TYPE CALL NUMBER (OCLC); LOCAL CALL NUMBER (RLIN)
-- 1701
-- 1701
100 ## - MAIN ENTRY--PERSONAL NAME
Personal name Brig (R) Mumtaz Hussain
245 ## - TITLE STATEMENT
Title Let Us Have Mercy on Pakistan
260 ## - PUBLICATION, DISTRIBUTION, ETC.
Place of publication, distribution, etc. Paiistan
942 ## - ADDED ENTRY ELEMENTS (KOHA)
Institution code [OBSOLETE] NBS
Koha item type Book
Call number prefix 954.9 HUS
Holdings
Withdrawn status Lost status Damaged status Not for loan Permanent Location Current Location Date acquired Total Checkouts Total Renewals Full call number Barcode Date last seen Date last checked out Price effective from Koha item type
        Central Library (CL) Central Library (CL) 08/28/2013 4 2 954.9 HUS NBSD-1271 04/02/2022 12/24/2021 08/28/2013 Book
© 2023 Central Library, National University of Sciences and Technology. All Rights Reserved.